[Event "UKR-chT"]
[Site "Alushta"]
[Date "1998.??.??"]
[Round "?"]
[White "Volokitin, Andrei"]
[Black "Romanova, Ekaterina"]
[Result "0-1"]
[WhiteElo "2295"]
[BlackElo "2140"]

1.e4 c5 2.Nf3 e6 3.d4 cxd4 4.Nxd4 Nf6 5.Nc3 d6 6.Be2 Be7 7.O-O a6 8.f4 Qc7
9.Kh1 O-O 10.Bf3 Nc6 11.Be3 Bd7 12.Nb3 b5 13.a3 Rab8 14.g4 Bc8 15.g5 Nd7
16.Bg2 b4 17.axb4 Nxb4 18.Nd4 Re8 19.Qh5 g6 20.Qh4 e5 21.fxe5 Nxe5 22.Rf2 Bf8
23.Ra4 Be6 24.Nxe6 fxe6 25.Bd4 Bg7 26.b3 Ng4 27.Bxg7 Nxf2+ 28.Qxf2 Qxg7 29.Nd1 Qe5
30.Qd2 a5 31.Nf2 Rb5 32.Ng4 Qxg5 33.Qxg5 Rxg5 34.Nf6+ Kf7 35.Nxe8 Kxe8 36.c3 Nd3
37.Rd4 Ne1 38.Bh3 Nf3 39.Rd1 Ke7 40.Bg2 Nh4 41.Bf1 Re5 42.Bd3 g5 43.b4 axb4
44.cxb4 Ng6 45.Rc1 Nf4 46.Ba6 Rxe4 47.Rb1 Nd5 48.b5 Nb6 49.Bb7  0-1

[Event "UKR-chT"]
[Site "Alushta"]
[Date "1998.??.??"]
[Round "?"]
[White "Volokitin, Andrei"]
[Black "Ganin, Maksim"]
[Result "0-1"]
[WhiteElo "2295"]
[BlackElo "2335"]

1.e4 c5 2.Nf3 d6 3.d4 cxd4 4.Nxd4 Nf6 5.Nc3 a6 6.Be2 e6 7.O-O Qc7 8.f4 Nc6
9.a4 Be7 10.Be3 O-O 11.Kh1 Rd8 12.g4 d5 13.e5 Ne4 14.Bd3 Nxc3 15.bxc3 Bd7
16.g5 g6 17.Rf3 Be8 18.Rh3 b5 19.Qe1 Nxd4 20.Bxd4 bxa4 21.Qh4 h5 22.Be2 Bf8
23.Bxh5 Bg7 24.f5 gxf5 25.Rg1 Qe7 26.Qg3 Rd7 27.g6 fxg6 28.Bxg6 Rc8 29.Bxf5 exf5
30.e6 Rb7 31.Rh8+ Kxh8 32.Qh3+ Kg8 33.Bxg7 Qxg7 34.Rxg7+ Rxg7 35.Qxf5 Rb8
36.h4 Rb1+ 37.Kh2 Rbg1 38.e7 R1g2+ 39.Kh1 Rg1+ 40.Kh2 R1g2+ 41.Kh1 R2g4 42.Qf8+ Kh7
43.Qf5+ Kh6 44.Qf6+ Kh5 45.Qe5+ Kxh4 46.Qh2+ Kg5 47.Qe5+ Kg6 48.Qe6+ Kh7
49.Qf5+ R7g6  0-1

[Event "UKR-chT"]
[Site "Alushta"]
[Date "1998.??.??"]
[Round "?"]
[White "Volokitin, Andrei"]
[Black "Gurevich, Vladimir"]
[Result "1/2-1/2"]
[WhiteElo "2295"]
[BlackElo "2435"]

1.e4 c5 2.Nf3 d6 3.d4 cxd4 4.Nxd4 Nf6 5.Nc3 a6 6.Be2 e5 7.Nb3 Be7 8.a4 Be6
9.Bg5 Nbd7 10.O-O O-O 11.Nd5 Bxd5 12.exd5 Ne4 13.Be3 Bg5 14.Bd3 Bxe3 15.fxe3 Nef6
16.a5 g6 17.c4 Kh8 18.Qd2 Qb8 19.Nc1 Qa7 20.b4 Ng4 21.Re1 f5 22.h3 Nh6 23.Nb3 f4
24.Kh2 f3 25.Be4 fxg2 26.Kxg2  1/2-1/2

[Event "Wch U12"]
[Site "Oropesa del Mar"]
[Date "1998.??.??"]
[Round "10"]
[White "Gashimov, Vugar"]
[Black "Volokitin, Andrei"]
[Result "0-1"]
[WhiteElo "2270"]
[BlackElo "2240"]

1.e4 c5 2.Nf3 d6 3.d4 cxd4 4.Nxd4 Nf6 5.Nc3 a6 6.Be2 e6 7.a4 Be7 8.O-O O-O
9.a5 Nc6 10.Nb3 b5 11.axb6 Qxb6 12.Be3 Qc7 13.Ra4 Bb7 14.Qa1 Ne5 15.Na5 Bc8
16.Rb4 d5 17.Bb6 Qd6 18.Rb3 Ned7 19.Be3 Nc5 20.Bxc5 Qxc5 21.exd5 exd5 22.Bf3 Be6
23.Rd1 Rac8 24.Rb7 d4 25.Ne2 Bd8 26.b4 Qg5 27.Nxd4 Bg4 28.Bxg4 Nxg4 29.Nf3 Qg6
30.h3 Nxf2 31.Kxf2 Rxc2+ 32.Rd2 Bb6+ 33.Ke1 Rxd2 34.Nxd2 Qxg2 35.Qe5 Bxa5
36.Rb8 Bd8 37.Kd1 Qxh3 38.Qd6 Be7 39.Rxf8+ Bxf8 40.Qxa6 Bxb4 41.Qa8+ Bf8
42.Ne4 Qf3+ 43.Kc2 h5 44.Qd5 h4  0-1

[Event "Pardubice Czech op"]
[Site "Pardubice"]
[Date "1998.??.??"]
[Round "3"]
[White "Namgilov, Sogto"]
[Black "Volokitin, Andrei"]
[Result "1-0"]
[WhiteElo "2440"]
[BlackElo "2295"]

1.d4 Nf6 2.c4 e6 3.Nf3 d5 4.Nc3 Be7 5.Bg5 O-O 6.e3 h6 7.Bh4 b6 8.Rc1 Bb7
9.Bxf6 Bxf6 10.cxd5 exd5 11.Qb3 c5 12.Be2 cxd4 13.Nxd4 Bxd4 14.exd4 Nc6 15.Rd1 Qh4
16.Qa4 a6 17.Rd2 Qg5 18.g3 Ne7 19.Qd1 Nf5 20.O-O Rfe8 21.Bf3 Nd6 22.Re1 Nc4
23.Rde2 Rxe2 24.Qxe2 Bc6 25.h4 Qf5 26.b3 Re8 27.Be4 dxe4 28.bxc4 Qh3 29.Qe3 Bd7
30.Nd5 b5 31.c5 f5 32.Nf4 Qg4 33.h5 Rd8 34.d5 Be8 35.c6 Bxh5 36.c7 Rc8 37.d6 Be8
38.Qb3+ Kh7 39.Qe6 e3 40.Qxc8  1-0

[Event "Pardubice Czech op"]
[Site "Pardubice"]
[Date "1998.??.??"]
[Round "9"]
[White "Haub, Thorsten Michael"]
[Black "Volokitin, Andrei"]
[Result "1-0"]
[WhiteElo "2435"]
[BlackElo "2295"]

1.g3 d5 2.Bg2 e6 3.Nf3 Be7 4.d3 Nf6 5.Nbd2 c5 6.O-O Nc6 7.e4 O-O 8.Re1 b5
9.e5 Nd7 10.Nf1 b4 11.h4 a5 12.Bf4 a4 13.N1h2 a3 14.b3 Ba6 15.Ng5 h6 16.Nh3 Nd4
17.Rc1 Rc8 18.Ng4 Nf5 19.Qd2 Kh7 20.h5 c4 21.dxc4 dxc4 22.Red1 Nb6 23.Qe1 Qc7
24.Nf6+ Kh8 25.g4 Nh4 26.Qe4 g6 27.Bh1 Nd5 28.Bg3 Nc3 29.Qe3 Kg7 30.Rd7 Qc5
31.Qxc5 Bxc5 32.Re1 g5 33.Bxh4 gxh4 34.Nf4 Rc6 35.Bxc6  1-0

[Event "Swidnica op"]
[Site "Swidnica"]
[Date "1999.07.02"]
[Round "5"]
[White "Volokitin, Andrei"]
[Black "Reprintsev, Alexander"]
[Result "1-0"]
[WhiteElo "2285"]
[BlackElo "2470"]

1.e4 d5 2.exd5 Qxd5 3.Nc3 Qa5 4.d4 Nf6 5.Nf3 Nc6 6.Bd2 Bg4 7.Nb5 Qb6 8.c4 Bxf3
9.Qxf3 Nxd4 10.Nxd4 Qxd4 11.Qxb7 Qe4+ 12.Qxe4 Nxe4 13.Be3 e6 14.g3 O-O-O
15.Bg2 Nc5 16.Ke2 Be7 17.b3 f5 18.Rab1 g5 19.b4 Na4 20.Rb3 Nb6 21.Rc1 Kd7
22.a4 e5 23.a5 Nc8 24.Rd1+ Ke6 25.Bd5+ Kf6 26.f4 Kg6 27.fxe5 h5 28.b5 h4
29.Bg1 Rhe8 30.Bc6 Rh8 31.c5 Rxd1 32.Kxd1 hxg3 33.hxg3 f4 34.Be4+ Kf7 35.gxf4 gxf4
36.b6 Bxc5 37.b7  1-0

[Event "Swidnica op"]
[Site "Swidnica"]
[Date "1999.07.04"]
[Round "7"]
[White "Volokitin, Andrei"]
[Black "Richter, Michael"]
[Result "1-0"]
[WhiteElo "2285"]
[BlackElo "2418"]

1.e4 c5 2.Nf3 Nc6 3.d4 cxd4 4.Nxd4 Nf6 5.Nc3 e5 6.Ndb5 d6 7.Nd5 Nxd5 8.exd5 Nb8
9.c4 Be7 10.Bd3 O-O 11.O-O a6 12.Nc3 f5 13.f3 Nd7 14.Be3 Bg5 15.Bf2 Rf6 16.b4 Qe8
17.c5 Qh5 18.c6 Nf8 19.h3 Ng6 20.f4 Qxd1 21.Rfxd1 Bxf4 22.Na4 b5 23.Nb6 Rb8
24.Nxc8 Rxc8 25.a4 e4 26.axb5 exd3 27.b6 d2 28.b7 Re8 29.c7 Rff8 30.Ba7 Be5
31.Rab1 Nf4 32.Rxd2 Bc3 33.Rc2 Ne2+ 34.Rxe2 Rxe2 35.c8=Q  1-0

[Event "Polanica Zdroj op"]
[Site "Polanica Zdroj"]
[Date "1999.08.21"]
[Round "5"]
[White "Poluljahov, Aleksandr"]
[Black "Volokitin, Andrei"]
[Result "1-0"]
[WhiteElo "2554"]
[BlackElo "2307"]

1.e4 d5 2.exd5 Nf6 3.d4 Bg4 4.Nf3 Qxd5 5.Be2 Nc6 6.c4 Qh5 7.Be3 O-O-O 8.Nbd2 e5
9.d5 Nd4 10.Nxd4 exd4 11.Bxd4 Re8 12.f3 Bf5 13.Nf1 Qh4+ 14.g3 Qh3 15.Kf2 Bd6
16.Ne3 Re7 17.Bf1 Qh5 18.h4 Rxe3 19.Bxe3 Bd7 20.c5 Nxd5 21.cxd6 Nxe3 22.Qc1 Nd5
23.Qg5 Qxg5 24.hxg5 cxd6 25.Bh3 Nc7 26.f4 Rd8 27.Rad1 d5 28.Bxd7+ Kxd7 29.Rh3 Kd6
30.Rdh1 Ne6 31.Rxh7 Rc8 32.Ke3 d4+ 33.Ke4 Rc4 34.R1h2 Rc1 35.Rd2 Re1+ 36.Kf3 Kd5
37.Rh8 Re3+ 38.Kf2 Ke4 39.Re8 Rf3+ 40.Kg2 Ke3 41.g6 Kxd2 42.Kxf3  1-0

[Event "Artek olJ"]
[Site "Artek"]
[Date "1999.09.11"]
[Round "2"]
[White "Pareshishvili, Giorgi"]
[Black "Volokitin, Andrei"]
[Result "0-1"]
[WhiteElo "2272"]
[BlackElo "2307"]

1.e4 c5 2.Nf3 e6 3.d4 cxd4 4.Nxd4 a6 5.Bd3 Nf6 6.O-O d6 7.c4 Be7 8.Nc3 O-O
9.Re1 b6 10.b3 Bb7 11.Bb2 Nbd7 12.Rc1 Re8 13.Bb1 Rc8 14.f4 Qc7 15.Qe2 Nf8
16.Kh1 Qb8 17.Qf2 N6d7 18.Nf3 Bf6 19.Red1 Red8 20.Qe3 Ng6 21.Rd2 b5 22.cxb5 axb5
23.Rcd1 b4 24.Ne2 Bxb2 25.Rxb2 Nf6 26.Rbd2 Qa8 27.Rd4 Ng4 28.Qg1 Ba6 29.Ng3 Nxf4
30.Rxb4 Be2 31.Re1 Nh3 32.Rxe2 Nxg1 33.Nxg1 Rc1 34.h3 Qa7  0-1

[Event "Artek olJ"]
[Site "Artek"]
[Date "1999.09.19"]
[Round "8"]
[White "Danielian, V."]
[Black "Volokitin, Andrei"]
[Result "1/2-1/2"]
[WhiteElo "2289"]
[BlackElo "2307"]

1.d4 d5 2.c4 e6 3.Nc3 Nf6 4.cxd5 exd5 5.Bg5 Be7 6.e3 c6 7.Bd3 O-O 8.Qc2 Nbd7
9.Nf3 Re8 10.O-O Nf8 11.h3 Ng6 12.Ne5 Nd7 13.Bxe7 Qxe7 14.f4 Ndxe5 15.dxe5 b6
16.Rae1 Bb7 17.Ne2 c5 18.Ng3 Qc7 19.Nf5 Rad8 20.Nd6 Rxd6 21.exd6 Qxd6 22.b3 Nf8
23.Kh1 Qh6 24.e4 d4 25.Kh2 Ng6 26.Qf2 Ne7 27.Qg3 Nc6 28.e5 Nb4 29.Bc4 Bd5
30.Bxd5 Nxd5 31.Qf3 Ne3 32.Rf2 Qh4 33.Rfe2 h6 34.Qg3 Qh5 35.Rd2 Qf5 36.Qf3 Nd5
37.Rf2 Rd8  1/2-1/2

[Event "Wch U14"]
[Site "Oropesa del Mar"]
[Date "1999.10.25"]
[Round "2"]
[White "Khmeinlker, I."]
[Black "Volokitin, Andrei"]
[Result "1/2-1/2"]
[WhiteElo "2107"]
[BlackElo "2307"]

1.d4 Nf6 2.c4 g6 3.Nc3 Bg7 4.e4 d6 5.h3 O-O 6.Bg5 c5 7.d5 h6 8.Be3 e6 9.dxe6 Bxe6
10.Qd2 Kh7 11.f3 Nc6 12.Nd5 Nh5 13.Bf2 b5 14.Rd1 bxc4 15.Bxc4 Rb8 16.b3 Ne5
17.Be2 Bxd5 18.exd5 Rb4 19.g3 Re8 20.Kf1 Nd7 21.Bd3 Nb6 22.Ne2 a5 23.Qc2 a4
24.Be1 axb3 25.axb3 Nxd5 26.Bxg6+ fxg6 27.Rxd5 Qf6 28.Qd3 Rbe4 29.Rxd6 Rxe2
30.Rxf6 Rxe1+ 31.Kf2 R1e2+ 32.Qxe2 Rxe2+ 33.Kxe2 Nxg3+ 34.Kd3 Bxf6 35.Rc1 Be7
36.Kc4 Nf5 37.Kd5 Kg7 38.f4 Kf6 39.Ra1 Ne3+ 40.Ke4 Nc2 41.Ra6+ Kf7 42.Rb6 h5
43.Ra6 Nb4 44.Rb6 Nc2  1/2-1/2

[Event "Wch U14"]
[Site "Oropesa del Mar"]
[Date "1999.10.27"]
[Round "4"]
[White "Gasthofer, Alexander"]
[Black "Volokitin, Andrei"]
[Result "0-1"]
[WhiteElo "2196"]
[BlackElo "2307"]

1.Nf3 Nf6 2.g3 d5 3.Bg2 c6 4.O-O Bg4 5.d3 e6 6.Nbd2 Be7 7.b3 O-O 8.Bb2 Nbd7
9.c4 a5 10.a3 h6 11.Qc2 Ne8 12.Bc3 Bf6 13.b4 Bxc3 14.Qxc3 Nef6 15.Rfb1 axb4
16.axb4 Qc7 17.Rb3 e5 18.Rba3 Rxa3 19.Rxa3 Be6 20.h3 Rd8 21.Nb3 dxc4 22.dxc4 Ne4
23.Qc2 Qb6 24.Qxe4 Qxb4 25.Ra1 Qxb3 26.Rb1 Qxc4 27.Qxc4 Bxc4 28.Rxb7 Bxe2
29.Rc7 c5 30.Nh4 Bd3 31.Bb7 Kf8 32.Nf3 f6 33.Bc8 Nb6 34.Be6 Be4 35.Nh4 Rd1+  0-1

[Event "Wch U14"]
[Site "Oropesa del Mar"]
[Date "1999.10.31"]
[Round "7"]
[White "Volokitin, Andrei"]
[Black "Gagunashvili, Merab"]
[Result "1/2-1/2"]
[WhiteElo "2307"]
[BlackElo "2247"]

1.e4 d6 2.d4 Nf6 3.Nc3 g6 4.Be3 c6 5.Qd2 b5 6.f3 Nbd7 7.g4 Nb6 8.Bd3 e5 9.a4 b4
10.Nce2 a5 11.g5 Nh5 12.f4 exf4 13.Nxf4 Nxf4 14.Bxf4 Bg7 15.Ne2 O-O 16.O-O Qe7
17.c3 bxc3 18.bxc3 d5 19.e5 Ba6 20.Nc1 Nd7 21.Qe2 Bxd3 22.Nxd3 Rfb8 23.Qa2 Rb6
24.Rf2 Nf8 25.Raf1 Ne6 26.h4 Ra7 27.Bc1 Qd8 28.Ba3 h6 29.Bc5 Nxc5 30.Nxc5 hxg5
31.e6 fxe6 32.Nxe6 Qd6 33.Nxg7 Kxg7 34.Qe2 Re7 35.Qf3 Qf4 36.Qh3 g4 37.Qg2 Qe4
38.Qg3 Rb1 39.Rxb1 Qxb1+ 40.Rf1 Qe4 41.Qb8 Rf7 42.Rxf7+ Kxf7 43.Qc7+ Kg8
44.Qxc6 Qe3+ 45.Kg2 Qf3+ 46.Kg1 Qg3+ 47.Kf1 Qh3+ 48.Kg1  1/2-1/2

[Event "Wch U14"]
[Site "Oropesa del Mar"]
[Date "1999.11.01"]
[Round "8"]
[White "Miljkovic, Miroslav"]
[Black "Volokitin, Andrei"]
[Result "0-1"]
[WhiteElo "2200"]
[BlackElo "2307"]

1.d4 Nf6 2.c4 e6 3.Nc3 Bb4 4.Qc2 O-O 5.a3 Bxc3+ 6.Qxc3 b6 7.Bg5 Bb7 8.e3 d6
9.f3 Nbd7 10.Nh3 h6 11.Bh4 c5 12.Nf2 cxd4 13.Qxd4 Qc7 14.e4 d5 15.cxd5 exd5
16.Bg3 Qc6 17.e5 Nh5 18.Nd3 Nc5 19.Rd1 Nxg3 20.hxg3 Rfe8 21.Be2 Nxd3+ 22.Rxd3 Qc1+
23.Rd1 Qg5 24.f4 Qxg3+ 25.Qf2 Qb3 26.Bd3 Rac8 27.Qg3 Kf8 28.Qf2 Bc6 29.Qe2 Ba4
30.O-O Rc5 31.Rd2 Bb5 32.Bxb5 Qxb5 33.Qxb5 Rxb5 34.Rc1 a5 35.Rc7 Rd8 36.f5 Rc5
37.Rb7 Rc1+ 38.Kh2 Re1 39.Rxb6 Rxe5 40.Rb5 a4 41.Rd4 Rxf5 42.Rxa4 Rf2 43.Rd4 Re8
44.Rdxd5 Ree2 45.Kh3 Rxb2 46.Rxb2 Rxb2 47.a4 Ra2 48.a5 g6 49.Rd8+ Kg7 50.Ra8 Kf6
51.a6 h5 52.Kg3 Kg5 53.Kh3 Ra3+ 54.Kh2 Kg4 55.Ra7 f5 56.Ra8 g5 57.a7 Ra1
58.Rc8 Rxa7 59.Rc4+ f4 60.Rc3 Re7 61.Rc5 Re3 62.Kg1  0-1

[Event "Wch U14"]
[Site "Oropesa del Mar"]
[Date "1999.11.02"]
[Round "9"]
[White "Volokitin, Andrei"]
[Black "Guseinov, Kadir"]
[Result "1/2-1/2"]
[WhiteElo "2307"]
[BlackElo "2326"]

1.e4 c5 2.Nf3 Nc6 3.d4 cxd4 4.Nxd4 g6 5.c4 Bg7 6.Be3 b6 7.Nc3 Bb7 8.Be2 Nf6
9.O-O O-O 10.f3 e6 11.Qd2 d5 12.Nxc6 Bxc6 13.cxd5 exd5 14.e5 Ne8 15.f4 Nc7
16.Bf3 f6 17.exf6 Qxf6 18.Nxd5 Nxd5 19.Bxd5+ Bxd5 20.Qxd5+ Kh8 21.Rab1 Rad8
22.Qb3 Rfe8  1/2-1/2

[Event "Wch U14"]
[Site "Oropesa del Mar"]
[Date "1999.11.05"]
[Round "11"]
[White "Volokitin, Andrei"]
[Black "Janturin, Artur"]
[Result "1-0"]
[WhiteElo "2307"]
[BlackElo "2286"]

1.e4 e6 2.d4 d5 3.Nc3 Bb4 4.Ne2 Nc6 5.a3 Ba5 6.b4 Bb6 7.Bb2 Nf6 8.e5 Ng4
9.h3 Nh6 10.Na4 f6 11.Nxb6 axb6 12.g3 O-O 13.Bg2 Bd7 14.O-O Be8 15.Qd2 b5
16.Nf4 Qe7 17.Rfd1 f5 18.h4 Na7 19.Qc3 Bc6 20.Bf1 Nc8 21.a4 Na7 22.axb5 Nxb5
23.Qc5 Qd7 24.Bxb5 Rxa1 25.Rxa1 Bxb5 26.Ra7 c6 27.Qd6 Qxd6 28.exd6 Rd8 29.Nxe6 Rxd6
30.Ng5 Nf7 31.Nxf7 Kxf7 32.Rxb7+ Kg8 33.Bc1 h5 34.Bf4 Rf6 35.Ra7 Rf7 36.Ra1 Re7
37.Be5 Kh7 38.Kg2 Kg6 39.Kf3 Rd7 40.Kf4 Re7 41.Ra8 Rd7 42.Rf8 Ba4 43.Ra8 Bb5
44.Rb8 Ba4 45.Rc8 Bb5 46.Ra8 Bc4 47.Rf8 Rf7 48.Rd8 Bb5 49.Rd6+ Kh7 50.Kg5 f4
51.gxf4 c5 52.bxc5 Bd7 53.Rxd7 Rxd7 54.c6 Rf7 55.c7 Rf8 56.Bd6  1-0

[Event "BakuJ-C"]
[Site "Baku"]
[Date "1999.??.??"]
[Round "?"]
[White "Volokitin, Andrei"]
[Black "Grachev, Boris"]
[Result "1/2-1/2"]
[WhiteElo "2285"]
[BlackElo "2192"]

1.e4 c5 2.Nf3 d6 3.d4 cxd4 4.Nxd4 Nf6 5.Nc3 e6 6.Be2 Be7 7.O-O O-O 8.f4 Nc6
9.Be3 a6 10.a4 Qc7 11.Kh1 Bd7 12.Nb3 b6 13.Bf3 Rab8 14.g4 Na5 15.g5 Ne8 16.Nd2 f5
17.exf5 Rxf5 18.Ne2 g6 19.Nd4 Rf7 20.Qe2 Nc6 21.N2b3 Ng7 22.c3 Qc8 23.Kg1 Nxd4
24.Nxd4 Nf5 25.Nxf5 Rxf5 26.Bg4 Rf7 27.Bd4 Bf8 28.Rae1 Re7 29.Qd1 Qc6 30.Qb3 d5
31.Re2 Rf7 32.Qd1 Re8 33.b3 Bd6 34.Ref2 Ref8 35.Qd2 Qc7 36.Be3 Bc8 37.h3 a5
38.Rf3 Bd7 39.R3f2 Rc8 40.Bd4 Rcf8 41.Be3 Bc8 42.Rf3 Qc6 43.Bd4 Qc7  1/2-1/2

[Event "17th North Sea Cup"]
[Site "Esbjerg DEN"]
[Date "2002.07.05"]
[Round "1"]
[White "Volokitin,And"]
[Black "Stefansson,H"]
[Result "1/2-1/2"]
[WhiteElo "2545"]
[BlackElo "2588"]

1.e4 c5 2.Nf3 d6 3.d4 cxd4 4.Nxd4 Nf6 5.Nc3 Nc6 6.Be2 e6 7.O-O Be7 8.Be3 O-O
9.f4 a6 10.a4 Qc7 11.Kh1 Re8 12.Bg1 Nxd4 13.Qxd4 e5 14.Qd3 exf4 15.Rxf4 Be6
16.Raf1 Nd7 17.Nd5 Bxd5 18.Qxd5 Bf6 19.Bc4 Re7 20.Bb3 Rf8 21.Qh5 Qc6 22.c3 Re5
23.Qf3 Rg5 24.Bd5 Qc7 25.Bd4 Ne5 26.Qd1 b5 27.axb5 axb5 28.Qe2 Qd7 29.Ra1 Qe8
30.Ra8 Qd7 31.Ra7 Qe8 32.Rf1 b4 33.cxb4 Nc6 34.Bxf6 gxf6 35.Bxc6 Qxc6 36.Rxf6 Qb5
37.Qd2 Rg4 38.Ra5 Qc4 39.Rg5+ Rxg5 40.Qxg5+ Kh8 41.Rf3 Qd4 42.h3 Rg8 43.Qc1 Qxb4
44.Rxf7 Qxe4 45.Qd2 Qb1+ 46.Kh2 Qe4 47.Qc3+ Qe5+ 48.Qxe5+ dxe5 49.Rb7 e4
50.Kg1 e3 51.Kf1 e2+ 52.Kxe2 Rxg2+ 53.Kf3 Rh2 54.Kg3 Rc2 55.b4 Rc4 56.b5 Kg8
57.b6 Rb4 58.Kf3 Kf8 59.Rb8+ Ke7 60.b7 Kd6 61.Rd8+ Kc7 62.Rh8 Kxb7 63.Rxh7+ Kc6
64.Re7 Kd6 65.Re3 Kd7 66.Kg3 Rb8 67.Kg4 Re8 68.Rf3  1/2-1/2

[Event "17th North Sea Cup"]
[Site "Esbjerg DEN"]
[Date "2002.07.06"]
[Round "2"]
[White "Galliamova,A"]
[Black "Volokitin,And"]
[Result "1/2-1/2"]
[WhiteElo "2505"]
[BlackElo "2545"]

1.d4 Nf6 2.c4 g6 3.Nc3 Bg7 4.e4 d6 5.f3 O-O 6.Nge2 c5 7.Be3 Nc6 8.d5 Ne5
9.Ng3 e6 10.Be2 exd5 11.cxd5 h5 12.O-O Re8 13.h3 Ned7 14.Qd2 h4 15.Nh1 Nh5
16.f4 Ndf6 17.f5 Nxe4 18.Nxe4 Rxe4 19.fxg6 fxg6 20.Nf2 Re5 21.Bd3 Ng3 22.Rfe1 Qf6
23.Bh6 Bf5 24.Bxg7 Kxg7 25.Bxf5 Nxf5 26.Ne4 Qe7 27.Ng5 Nd4 28.Rxe5 Qxe5 29.Re1 Qxd5
30.Qf4 Nf5 31.Ne6+ Kh7 32.Nc7 Qg8 33.Nxa8 Qxa8 34.Qe4 Qh8 35.Qxb7+ Kh6 36.Kh2 Qd4
37.Qe4 Qxb2 38.Rb1 Qf2 39.Rb8 d5 40.Rh8+ Kg5 41.Qg4+ Kf6 42.Rc8 Qg3+ 43.Kg1 Qe1+
44.Kh2 Qe5+  1/2-1/2

[Event "24th Politiken Cup"]
[Site "Copenhagen DEN"]
[Date "2002.07.16"]
[Round "2"]
[White "Glud,J"]
[Black "Volokitin,And"]
[Result "0-1"]
[WhiteElo "2180"]
[BlackElo "2545"]

1.e4 d6 2.d4 Nf6 3.Nc3 g6 4.h3 Bg7 5.g3 c5 6.Nge2 cxd4 7.Nxd4 Nc6 8.Be3 O-O
9.Bg2 Bd7 10.O-O Ne5 11.Nd5 Nxd5 12.exd5 Nc4 13.b3 Nxe3 14.fxe3 Qc8 15.Kh2 Qc3
16.Qe1 Rac8 17.Rc1 Qxe1 18.Rfxe1 Rc3 19.Be4 Bh6 20.Bd3 e5 21.Ne2 Rc5 22.b4 Rc7
23.Ng1 Rc3 24.Rb1 Ba4 25.Re2 f5 26.e4 fxe4 27.Bxe4 Bb5 28.Ree1 Rf2+ 29.Kh1 Rxg3
30.Rb3 Bf4  0-1

[Event "24th Politiken Cup"]
[Site "Copenhagen DEN"]
[Date "2002.07.19"]
[Round "5"]
[White "Volokitin,And"]
[Black "Felgaer,R"]
[Result "1-0"]
[WhiteElo "2545"]
[BlackElo "2509"]

1.e4 c5 2.Nf3 Nc6 3.d4 cxd4 4.Nxd4 g6 5.c4 Bg7 6.Be3 Nf6 7.Nc3 O-O 8.Be2 d6
9.O-O Bd7 10.Nc2 a6 11.f3 Rc8 12.Qd2 Re8 13.Rad1 Qa5 14.Rb1 Ne5 15.c5 Be6
16.cxd6 exd6 17.Qxd6 Nfd7 18.Qb4 Qc7 19.Nd4 Bf8 20.Nxe6 fxe6 21.Qb3 b5 22.Kh1 Bc5
23.Bf4 Qb6 24.a4 Be3 25.Nd5  1-0

[Event "24th Politiken Cup"]
[Site "Copenhagen DEN"]
[Date "2002.07.21"]
[Round "7"]
[White "Volokitin,And"]
[Black "Tiviakov,S"]
[Result "1/2-1/2"]
[WhiteElo "2545"]
[BlackElo "2628"]

1.e4 c5 2.Nf3 Nc6 3.d4 cxd4 4.Nxd4 g6 5.Nc3 Bg7 6.Be3 Nf6 7.Nxc6 bxc6 8.e5 Ng8
9.Bd4 f6 10.f4 Qa5 11.Qe2 fxe5 12.Bxe5 Nf6 13.O-O-O d5 14.Qe1 O-O 15.Be2 Rf7
16.Bf3 Bf5 17.a3 Qb6 18.h3 Raf8 19.g4 Bc8 20.Na4 Qb5 21.Be2  1/2-1/2

[Event "24th Politiken Cup"]
[Site "Copenhagen DEN"]
[Date "2002.07.26"]
[Round "11"]
[White "Volokitin,And"]
[Black "Cech,P"]
[Result "1/2-1/2"]
[WhiteElo "2545"]
[BlackElo "2316"]

1.e4 e6 2.d4 d5 3.Nc3 Bb4 4.e5 b6 5.Qg4 Bf8 6.Nh3 Qd7 7.Nf4 Ba6 8.Bxa6 Nxa6
9.Be3 Nb4 10.Qe2 Ne7 11.Nh5 O-O-O 12.a3 Nbc6 13.g4 Kb8 14.f4 Qc8 15.O-O g6
16.Nf6 Ng8 17.b4 Nxf6 18.exf6 Qb7 19.Nd1 h5 20.g5 Bd6 21.Nb2 b5 22.a4 a6
23.c3 Kc8 24.Nd3 Kd7 25.Ra2 Ra8 26.Rfa1 Rhb8 27.Qf3 Nd8 28.a5 Qc6 29.Bf2 Nb7
30.Re2 Rh8 31.Bg3 Rae8 32.Rae1 h4 33.Bf2 Rh5 34.Rc2 Nd8 35.Be3 Qc4 36.Nb2 Qc6
37.Rcc1 Kc8 38.h3 Reh8 39.Nd3 Nb7 40.Nc5 Bxc5 41.dxc5 Nd8 42.Bd4 Qd7 43.Rcd1 Nc6
44.Kh2 Rg8 45.Re5 Nxe5  1/2-1/2

[Event "AIG Life rapid"]
[Site "Warsaw POL"]
[Date "2002.12.21"]
[Round "6"]
[White "Volokitin,And"]
[Black "Socko,B"]
[Result "1-0"]
[WhiteElo "2558"]
[BlackElo "2569"]

1.e4 e5 2.Nf3 Nc6 3.Bb5 a6 4.Ba4 Nf6 5.O-O Be7 6.Re1 b5 7.Bb3 d6 8.c3 O-O
9.h3 Nb8 10.d4 Nbd7 11.Nbd2 Bb7 12.Bc2 Re8 13.Nf1 Bf8 14.Ng3 g6 15.a4 Bg7
16.d5 Qb8 17.b3 c6 18.c4 bxc4 19.bxc4 a5 20.Ba3 Nc5 21.Nd2 Nfd7 22.Ne2 Qc7
23.Nc3 Ba6 24.dxc6 Qxc6 25.Nb5 Rad8 26.Nf1 Nb6 27.Ne3 Bb7 28.Rb1 Kh8 29.Na7 Qc7
30.Nd5 Bxd5 31.Nb5 Qd7 32.Bxc5 dxc5 33.cxd5 f5 34.Qd2 fxe4 35.Bxe4 Nxd5 36.Qxd5 Qxd5
37.Bxd5 Rxd5 38.Nc7 Rdd8 39.Nxe8 Rxe8 40.Rb5 e4 41.Rxc5 Bh6 42.Re2 e3 43.Rxa5 exf2+
44.Kxf2 Rf8+ 45.Ke1 Bg7 46.Rd5 Bc3+ 47.Kd1 Ra8 48.Ra2 Ba5 49.Kc2 Kg7 50.Rb2 Be1
51.Rb7+ Kh6 52.g4 Rc8+ 53.Kb3 Bh4 54.a5 Ra8 55.Ka4 Bd8 56.Rbd7 Bf6 57.Kb5 g5
58.a6 Kg6 59.a7 h5 60.Kb6 hxg4 61.hxg4  1-0

[Event "AIG Life rapid s/f"]
[Site "Warsaw POL"]
[Date "2002.12.22"]
[Round "1"]
[White "Volokitin,And"]
[Black "Malaniuk,V"]
[Result "1/2-1/2"]
[WhiteElo "2558"]
[BlackElo "2556"]

1.e4 e5 2.Nf3 Nc6 3.Bb5 g6 4.d4 exd4 5.Bg5 Be7 6.Bxe7 Qxe7 7.Bxc6 dxc6 8.Qxd4 Nf6
9.Nc3 Bg4 10.O-O-O Bxf3 11.gxf3 O-O 12.f4 Nh5 13.f5 Rfe8 14.Qe3 Qe5 15.Rd7 Nf6
16.f4 Qxf5 17.exf5 Rxe3 18.Rxc7 Rb8 19.fxg6 hxg6 20.f5 gxf5 21.Rf1 Re5 22.Rf4 Kf8
23.Rb4 Kg8  1/2-1/2

[Event "AIG Life rapid s/f"]
[Site "Warsaw POL"]
[Date "2002.12.22"]
[Round "3"]
[White "Malaniuk,V"]
[Black "Volokitin,And"]
[Result "0-1"]
[WhiteElo "2556"]
[BlackElo "2558"]

1.d4 Nf6 2.Nf3 g6 3.c4 Bg7 4.g3 d6 5.Bg2 O-O 6.O-O Nbd7 7.Qc2 e5 8.Rd1 Re8
9.e4 exd4 10.Nxd4 Nc5 11.Nc3 Ng4 12.h3 Ne5 13.Nce2 a5 14.Be3 Qe7 15.Nc3 c6
16.b3 h5 17.f4 Ned7 18.Bf2 Nf8 19.Re1 Nfe6 20.Nf5 gxf5 21.exf5 Qf6 22.fxe6 Qxc3
23.exf7+ Kxf7 24.Qh7 Rh8  0-1

[Event "AIG Life rapid QF2"]
[Site "Warsaw POL"]
[Date "2002.12.22"]
[Round "6"]
[White "Volokitin,And"]
[Black "Tseshkovsky,V"]
[Result "1-0"]
[WhiteElo "2558"]
[BlackElo "2545"]

1.e4 e5 2.Nf3 Nc6 3.Bb5 a6 4.Ba4 Nf6 5.d4 exd4 6.O-O Be7 7.Re1 O-O 8.e5 Nd5
9.Nxd4 Nxd4 10.Qxd4 c6 11.c4 Nc7 12.Bc2 Ne6 13.Qe4 g6 14.Bh6 Re8 15.Nc3 d6
16.Rad1 Qc7 17.exd6 Bxd6 18.Qd4 Bxh2+ 19.Kh1 f5 20.Qf6 Bf4 21.Bxf4 Qxf4 22.c5 Qh6+
23.Kg1 Qg7 24.Qxg7+ Kxg7 25.Na4 Kf8 26.Bb3 Nc7 27.Rxe8+ Kxe8 28.Nb6 Rb8 29.Re1+ Kf8
30.f4 Na8 31.Rd1 Nxb6 32.cxb6 Ke7 33.Re1+ Kd8 34.Bg8 Bd7 35.Bxh7 Be8 36.Bg8 Kd7
37.b4 Ra8 38.Re5 Kd6 39.a4 Bd7 40.Bh7 g5 41.Bxf5 gxf4 42.Ra5 Re8 43.Bxd7 Kxd7
44.Rf5 Re4 45.Rf7+ Kd6 46.Rxb7 Rxb4 47.a5 Rb5 48.Rb8 c5 49.Ra8 c4 50.Rc8 Kd7
51.Rc7+ Kd8 52.Rxc4 Rxa5 53.b7 Rb5 54.Rc8+  1-0

[Event "GMA"]
[Site "Bermuda BER"]
[Date "2003.01.25"]
[Round "1"]
[White "Volokitin,And"]
[Black "Movsesian,S"]
[Result "1/2-1/2"]
[WhiteElo "2565"]
[BlackElo "2663"]

1.e4 c5 2.Nf3 d6 3.d4 cxd4 4.Nxd4 Nf6 5.Nc3 a6 6.a4 e6 7.Be2 Be7 8.O-O O-O
9.f4 Qc7 10.Kh1 b6 11.e5 dxe5 12.fxe5 Nfd7 13.Bf3 Bb7 14.Bf4 Nc6 15.Bxc6 Bxc6
16.Qg4 Kh8 17.Rad1 Nc5 18.Nxc6 Qxc6 19.Rf3 Nxa4 20.Rg3 Rg8 21.Rh3 g5 22.Bd2 Nxb2
23.Rxh7+ Kxh7 24.Qh5+ Kg7 25.Rf1 Qe8 26.Bxg5 Bxg5 27.Qxg5+ Kf8 28.Qh6+ Ke7
29.Nd5+ Kd8 30.Nf6 Qb5 31.c4 Nxc4 32.Nxg8 Nxe5 33.Rc1 Ng6 34.Qg7 Qd7 35.Nh6 Ke8
36.Rf1 Nf8 37.Nxf7 Rc8 38.h3 Qd3 39.Qf6 Rc5 40.Nh6 Nd7 41.Qh8+ Ke7 42.Rf7+ Kd6
43.Qd8 Qb5 44.Kh2 Qc6 45.h4 a5 46.Ng4 Qc7 47.Rxd7+ Qxd7 48.Qxb6+ Qc6 49.Qd8+ Qd7
50.Qb6+ Qc6  1/2-1/2

[Event "GMA"]
[Site "Bermuda BER"]
[Date "2003.02.01"]
[Round "7"]
[White "Volokitin,And"]
[Black "Christiansen,L"]
[Result "1/2-1/2"]
[WhiteElo "2565"]
[BlackElo "2562"]

1.e4 e5 2.Nf3 Nf6 3.Nxe5 d6 4.Nf3 Nxe4 5.Nc3 Nxc3 6.dxc3 Be7 7.Bf4 Nc6 8.Qd2 Bg4
9.O-O-O Qd7 10.Bc4 O-O 11.Bd5 Rae8 12.h3 Be6 13.c4 Bf6 14.Bg5 Bxg5 15.Nxg5 Bxd5
16.cxd5 Ne5 17.Rhe1 h6 18.Ne4  1/2-1/2

[Event "GMA"]
[Site "Bermuda BER"]
[Date "2003.02.02"]
[Round "8"]
[White "Volokitin,And"]
[Black "Gershon,A"]
[Result "1/2-1/2"]
[WhiteElo "2565"]
[BlackElo "2571"]

1.e4 c5 2.Nf3 d6 3.d4 cxd4 4.Nxd4 Nf6 5.Nc3 Nc6 6.Bg5 e6 7.Qd2 a6 8.O-O-O Qb6
9.f3 Qxd4 10.Qxd4 Nxd4 11.Rxd4 Bd7 12.Na4 d5 13.exd5 Nxd5 14.Bc4 Bxa4 15.Bxd5 exd5
16.Rxa4 f6 17.Be3 Kf7 18.Rd1 b5 19.Rad4 Bc5 20.R4d3 Bxe3+ 21.Rxe3 Rhe8 22.Rde1 Rxe3
23.Rxe3 Re8 24.Rxe8 Kxe8 25.Kd2 Kd7 26.Kc3 Kc6 27.Kd4 Kd6 28.b3 Kc6 29.c3 Kd6
30.h4 Kc6 31.g4 Kd6 32.h5 Kc6 33.f4 Kd6 34.g5 h6 35.gxf6 gxf6 36.a3 Kc6 37.c4 dxc4
38.bxc4 bxc4 39.Kxc4 f5 40.Kd4 Kd6 41.a4 a5  1/2-1/2